000 00499nam a2200205Ia 4500
003 OSt
005 20230325104145.0
008 210423s2007 xx 000 0 und d
040 _cAL
041 _aeng
082 _a658
_223
_bTRIP
100 _aTRIPATHI (P C);Reddy (P N).
_977844
245 _aPrincipals of management.
250 _a4
260 _aNew Delhi
_bTata McGraw-hill
_c2007
300 _axv,367
365 _b235
_cINR
906 _amanagement. ; Principals
942 _2ddc
_cBK
999 _c155964
_d155964